000 00911nam a22002651i 4500
001 3113586
003 EG-ScBUE
005 20241015093533.0
008 840711t1964 maua f b 001 0 eng d
040 _aDLC/ICU
_beng
_erda
_cICU
_dDLC
_dEG-ScBUE
082 0 4 _a515.35
_222
_bROS
100 1 _96823
_aRoss, Shepley L.,
_eauthor.
245 1 0 _aDifferential equations /
_cShepley L. Ross, University of New Hampshire.
264 1 _aWaltham, Massachusetts :
_bBlaisdell Publishing Company,
_c[1964]
264 4 _cc1964
300 _axi, 587 pages :
_billustrations ;
_c26 cm.
336 _2rdacontent
_atext
_btxt
337 _aunmediated
_2rdamedia
_bn
338 _avolume
_bnc
_2rdacarrier
490 0 _aBlaisdell book in pure and applied mathematics
504 _aIncludes bibliographical references and index.
650 7 _aDifferential equations.
_2BUEsh
_96825
655 _vReading book
942 _2ddc
_cBB
999 _c12004
_d12004